| 000 | 00401nam a2200157 4500 | ||
|---|---|---|---|
| 005 | 20260428114103.0 | ||
| 008 | 260428b |||||||| |||| 00| 0 eng d | ||
| 020 | _a9780415332958 | ||
| 082 |
_a801.95 _bMAL-T |
||
| 100 | _aMalpas Simon ,Paul Wake | ||
| 245 | _aThe Routledge Companion To Critical Theory | ||
| 260 |
_aNew York _bRoutledge |
||
| 300 | _a296p | ||
| 650 | _aEnglish | ||
| 942 | _cBK | ||
| 999 |
_c47421 _d47421 |
||